[Event "60th ch-RUS w"]
[Site "Moscow RUS"]
[Date "2010.11.25"]
[Round "9"]
[White "Galliamova, A."]
[Black "Nebolsina, V."]
[Result "1-0"]
[WhiteElo "2487"]
[BlackElo "2377"]
[PlyCount "53"]
[EventDate "2010.11.16"]

1. d4 Nf6 2. Nf3 g6 3. Bf4 d6 4. Nc3 Bg7 5. e4 c6 6. Be2 O-O 7. O-O d5 8. e5
Ne8 9. Qd2 Bg4 10. Ng5 Bxe2 11. Nxe2 h6 12. Nf3 Kh7 13. h4 Nc7 14. h5 Ne6 15.
Be3 Nd7 16. Nh2 Qe8 17. hxg6+ fxg6 18. f4 h5 19. Rf3 Rf5 20. Ng3 Qf7 21. Nxf5
Qxf5 22. Nf1 Rf8 23. Ng3 Qg4 24. f5 h4 25. fxe6 hxg3 26. exd7 Qh4 27. Rxf8 1-0

[Event "60th ch-RUS w"]
[Site "Moscow RUS"]
[Date "2010.11.25"]
[Round "9"]
[White "Girya, O."]
[Black "Gunina, V."]
[Result "1/2-1/2"]
[WhiteElo "2435"]
[BlackElo "2479"]
[PlyCount "142"]
[EventDate "2010.11.16"]

1. c4 e5 2. Nc3 Nf6 3. a3 g6 4. g3 Bg7 5. Bg2 O-O 6. Nf3 Nc6 7. O-O d6 8. d3
Be6 9. Rb1 h6 10. Nd2 Qd7 11. Nd5 Nh7 12. b4 Rae8 13. b5 Nd8 14. a4 f5 15. e3
g5 16. f4 Kh8 17. Bb2 exf4 18. exf4 Bxb2 19. Rxb2 Qg7 20. Rb1 Bg8 21. Nb3 c6
22. Nb4 gxf4 23. gxf4 c5 24. Nd5 Bxd5 25. cxd5 Rg8 26. Qd2 Nf6 27. Kh1 Qf7 28.
Na5 Rg7 29. Nc4 Reg8 30. Bf3 Nxd5 31. Nxd6 Qe6 32. Nc4 Nb6 33. a5 Nxc4 34. dxc4
Rd7 35. Qc3+ Rgg7 36. Bd5 Qd6 37. Rbe1 Kh7 38. Re5 Qg6 39. Qc2 Nf7 40. Re6 Qg4
41. Rf6 Nd6 42. Be6 Qh3 43. Bxf5+ Nxf5 44. Qxf5+ Qxf5 45. Rxf5 b6 46. axb6 axb6
47. Rf6 Rg6 48. Rc6 Rxc6 49. bxc6 Rc7 50. Kg2 Rxc6 51. Kf3 Rd6 52. Re1 Kg6 53.
Re8 Rd4 54. Re6+ Kf5 55. Rxh6 Rd3+ 56. Ke2 Rb3 57. h4 Kxf4 58. Kd2 Ke4 59. Rd6
Rh3 60. Rxb6 Kd4 61. Rg6 Kxc4 62. Kc2 Rxh4 63. Rg3 Rh2+ 64. Kc1 Kb4 65. Rf3 c4
66. Rg3 Re2 67. Rh3 Ra2 68. Kb1 Rd2 69. Kc1 Rd3 70. Rxd3 cxd3 71. Kd2 Kc4
1/2-1/2

[Event "60th ch-RUS w"]
[Site "Moscow RUS"]
[Date "2010.11.26"]
[Round "10"]
[White "Matveeva, S."]
[Black "Shadrina, T."]
[Result "1/2-1/2"]
[WhiteElo "2389"]
[BlackElo "2384"]
[PlyCount "131"]
[EventDate "2010.11.16"]

1. d4 Nf6 2. c4 e6 3. Nc3 Bb4 4. e3 d5 5. Nf3 O-O 6. a3 Bxc3+ 7. bxc3 c5 8. Bd3
Qc7 9. Qc2 dxc4 10. Bxc4 Nc6 11. Bd3 e5 12. Bb2 h6 13. Nxe5 Nxe5 14. dxe5 Ng4
15. c4 Nxe5 16. Be2 Re8 17. Qc3 f6 18. Qc2 b6 19. O-O Bb7 20. Rfd1 Qc6 21. Rd5
Qe6 22. Rd2 Rad8 23. Rad1 Rxd2 24. Rxd2 Qc6 25. f3 Qe6 26. e4 Re7 27. Rd8+ Re8
28. Rd2 Ng6 29. Qd1 Bc8 30. Bf1 Qf7 31. Rd6 Be6 32. Qa4 Kf8 33. Qc2 Qc7 34. Rd2
Rd8 35. Qd1 Rxd2 36. Qxd2 Ke7 37. g3 Ne5 38. Qc3 Qd6 39. f4 Nc6 40. Qc2 Bg4 41.
e5 fxe5 42. fxe5 Qe6 43. Qe4 Bf5 44. Qd5 g5 45. Bc3 Kf7 46. Be2 Ne7 47. Qd8 Bg4
48. Bd3 Bf5 49. Be2 Bg4 50. Bf1 Bf3 51. Bd3 Qh3 52. Bf1 Qf5 53. Bd3 Be4 54. Be2
Qh3 55. Bf1 Qg4 56. Qh8 Qf3 57. e6+ Kxe6 58. Qxh6+ Ng6 59. Bd2 Qd1 60. Qxg5 Ne5
61. Qg8+ Kd7 62. Qg7+ Ke6 63. Qg8+ Kd7 64. Qg7+ Ke6 65. Qg8+ Kd7 66. Qg7+
1/2-1/2

[Event "60th ch-RUS w"]
[Site "Moscow RUS"]
[Date "2010.11.26"]
[Round "10"]
[White "Gunina, V."]
[Black "Galliamova, A."]
[Result "1-0"]
[WhiteElo "2479"]
[BlackElo "2487"]
[PlyCount "105"]
[EventDate "2010.11.16"]

1. d4 d5 2. c4 dxc4 3. Nf3 Nf6 4. e3 e6 5. Bxc4 a6 6. O-O b5 7. Be2 Nbd7 8. a4
b4 9. a5 Bb7 10. Qa4 c5 11. Bd2 Rb8 12. Rc1 Ne4 13. Be1 Bd6 14. Nbd2 Nxd2 15.
Nxd2 O-O 16. Bf3 Bxf3 17. Nxf3 Rb5 18. Qd1 e5 19. dxc5 Nxc5 20. Rc4 Nb7 21. Rc6
e4 22. Nd4 Rxa5 23. Rxa5 Qxa5 24. g3 Be7 25. Qe2 Qd5 26. Qxa6 Qd7 27. Qb6 Rc8
28. Bxb4 Bxb4 29. Rxc8+ Qxc8 30. Qxb4 g6 31. Ne2 Nc5 32. Qc4 Qg4 33. h3 Qf3 34.
Qxc5 Qxe2 35. Qc8+ Kg7 36. Qc3+ Kg8 37. b4 h5 38. h4 Qd1+ 39. Kh2 Qe2 40. Qf6
Qc4 41. Qd8+ Kh7 42. Qd4 Qe2 43. Kg2 Qf3+ 44. Kg1 Qf5 45. Qc5 Qd7 46. Qc2 Qf5
47. Qc6 Qg4 48. Qd5 f5 49. b5 f4 50. Qf7+ Kh8 51. Qxf4 Qe6 52. Qb8+ Kh7 53. b6
1-0